000 01617cam a22004214i 4500
003 PE-LiUPU
005 20250731172953.0
008 150623s1997 pe rb 000 0 spa d
035 _a(Sirsi) a21501
040 _aPE-LiUPU
_bspa
_cPE-LiUPU
_erda
082 0 4 _a230.985
_bP26
_221
100 1 _aParker, Cristian,
_eautor.
245 1 0 _aReligion y postmodernidad /
_cCristian Parker.
264 1 _aLima :
_bCentro Cristiano de Promocion y de Servicios,
_c1997.
300 _a120 páginas ;
_c20 centímetros
336 _atext
_2rdacontent
337 _aunmediated
_2rdamedia
338 _avolume
_2rdacarrier
504 _aIncluye bibliografía.
505 0 _aLa sociedad post-industrial y la cultura en América Latina ¿Postmodernidad? -- Pluralismo religioso tolerancia en América Latina del siglo XXI -- El retorno del símbolo y lo lúdico en la cultura post-industrial y globalizada.
526 _aSEG42
526 _aSEG41
526 _aSEG40
526 _aSEG39
526 _aP94
526 _aP87
526 _aP86
526 _aP85
526 _aP77
526 _aP76
526 _aP35
650 0 4 _aReligión y cultura
_ySiglo XX.
942 _2ddc
_cBOOK
949 _a230.985 P26
_wDEWEY
_c1
_i45086
_lCCODEBUL1
_mBUL
_p25
_r0
_sY
_tBOOK
_u2015-06-24
_xTEOLOGIA
_PP35
_0COMPRA
_o.STAFF. Colección Teología
596 _a1
999 _a230.985 P26
_wDEWEY
_c21971
_i45086
_d21971
_e2017-6-25
_f2021-11-9
_g5
_lCCODEBUL1
_mBUL
_n2
_p25.00
_q1
_r0
_sY
_tBOOK
_u2015-6-24
_xTEOLOGIA
_PP35
_0COMPRA
_o.STAFF. Colección Teología
980 _81
_gALBERTO SANCHEZ Responsable de Automatización